Text Book of Pharmaceutics-1 Sem 1 (Record no. 10440)
[ view plain ]
| 000 -LEADER | |
|---|---|
| fixed length control field | 00461nam a22001577a 4500 |
| 003 - CONTROL NUMBER IDENTIFIER | |
| control field | OSt |
| 008 - FIXED-LENGTH DATA ELEMENTS--GENERAL INFORMATION | |
| fixed length control field | 210210b ||||| |||| 00| 0 eng d |
| 020 ## - INTERNATIONAL STANDARD BOOK NUMBER | |
| International Standard Book Number | 9788193891254 |
| 100 ## - MAIN ENTRY--PERSONAL NAME | |
| Personal name | Narang , Jasjeet Kaur. Bakshi, Inderbir Singh and Dogra, Anmol |
| 245 ## - TITLE STATEMENT | |
| Title | Text Book of Pharmaceutics-1 Sem 1 |
| 250 ## - EDITION STATEMENT | |
| Edition statement | 1st |
| 260 ## - PUBLICATION, DISTRIBUTION, ETC. (IMPRINT) | |
| Place of publication, distribution, etc | New Delhi |
| Name of publisher, distributor, etc | Paging Pub. |
| Date of publication, distribution, etc | 2019 |
| 300 ## - PHYSICAL DESCRIPTION | |
| Extent | 333 |
| 650 ## - SUBJECT ADDED ENTRY--TOPICAL TERM | |
| Topical term or geographic name as entry element | Pharmaceutics (Dispensing and General Pharmacy |
| 942 ## - ADDED ENTRY ELEMENTS (KOHA) | |
| Source of classification or shelving scheme | Dewey Decimal Classification |
| Koha item type | Text Books |
| 942 ## - ADDED ENTRY ELEMENTS (KOHA) | |
| -- | 38 |
| Withdrawn status | Lost status | Source of classification or shelving scheme | Damaged status | Not for loan | Collection code | Home library | Current library | Date acquired | Source of acquisition | Currency | Cost, normal purchase price | Bill Number | Total Checkouts | Full call number | Acc. no. / Barcode | Date last seen | Date last borrowed | Actual Cost, discounted price | Bill Date | Koha item type |
|---|---|---|---|---|---|---|---|---|---|---|---|---|---|---|---|---|---|---|---|---|
| Dewey Decimal Classification | B.Pharma | PIET C-LIBRARY | PIET C-LIBRARY | 16/02/2021 | Kirti Praskshan | IN Rupees | 525.00 | IN1511 | 12 | 615.19 NAT | BP1600 | 02/11/2023 | 19/10/2023 | 367.40 | 16/02/2021 | Text Books | ||||
| Dewey Decimal Classification | B.Pharma | PIET C-LIBRARY | PIET C-LIBRARY | 16/02/2021 | Kirti Praskshan | IN Rupees | 525.00 | IN1511 | 6 | 615.19 NAT | BP1601 | 04/03/2023 | 27/02/2023 | 367.40 | 16/02/2021 | Text Books | ||||
| Dewey Decimal Classification | B.Pharma | PIET C-LIBRARY | PIET C-LIBRARY | 16/02/2021 | Kirti Praskshan | IN Rupees | 525.00 | IN1511 | 7 | 615.19 NAT | BP1602 | 22/08/2023 | 07/08/2023 | 367.40 | 16/02/2021 | Text Books | ||||
| Dewey Decimal Classification | B.Pharma | PIET C-LIBRARY | PIET C-LIBRARY | 16/02/2021 | Kirti Praskshan | IN Rupees | 525.00 | IN1511 | 7 | 615.19 NAT | BP1603 | 26/07/2023 | 07/07/2023 | 367.40 | 16/02/2021 | Text Books | ||||
| Dewey Decimal Classification | B.Pharma | PIET C-LIBRARY | PIET C-LIBRARY | 16/02/2021 | Kirti Praskshan | IN Rupees | 525.00 | IN1511 | 9 | 615.19 NAT | BP1604 | 26/05/2022 | 18/05/2022 | 367.40 | 16/02/2021 | Reference Books |